| 000 | 01453nam a2200253Ia 4500 | ||
|---|---|---|---|
| 999 |
_c41343 _d41343 |
||
| 001 | 8001 | ||
| 003 | GE_BSU | ||
| 005 | 20221003155043.0 | ||
| 008 | 181216s2013ge xx |||||||||||||| ||geo|| | ||
| 020 | _a9789941925818. | ||
| 040 | _cGE_BSU | ||
| 041 | _ageo | ||
| 080 | _a271.72+27-788(495) რ-28 | ||
| 100 |
_aრაფავა, მაია. _914986 |
||
| 245 |
_aნიკიტა სტითატის ანტიმონოფიზიტური სიტყვები=Anti -Monophysite speeches By niketas stethatos : _bტესტები: გამოკვლევა,ლექსიკონი და საძიებელი / _cმაია რაფავა, რედ. პროტოპრესვიტერი გიორგი ზვიადაძე. |
||
| 264 |
_aთბილისი: _bსასულიერო აკადემიის სემინარიის გმ-ბა, _c2013. |
||
| 300 |
_a203 გვ; _c25 სმ. |
||
| 501 | _aსაძიებ:გვ;192-195, ლექსიკონი გვ:144-191 | ||
| 520 | _aპარალ.თავფურც.და რეზ.ინგლ | ||
| 653 | _aნიკიტა სტითატის ანტიმონოფიზიტური სიტყვები. | ||
| 653 | _aრელიგია | ||
| 700 |
_aზვიადაძე, გიორგი _eრედაქტორი _914987 |
||
| 942 |
_cBK _2udc |
||